[Event "HCL-B124"]
[Site "www.playchess.de"]
[Date "2001.04.11"]
[Round "12"]
[White "Salo"]
[Black "chrisg"]
[WhiteElo "1500"]
[BlackElo "1471"]
[PlyCount "95"]
[Result "1/2-1/2"]

1.d4 d5 2.Nf3 c6 3.Nbd2 Bf5 4.c4 e6 5.Qb3 Qc7 6.g3 
Nd7 7.Bg2 Be7 8.O-O Ngf6 9.Ne1 O-O 10.Nd3 Rac8 
11.Nf3 dxc4 12.Qxc4 Nb6 13.Qb3 Bd6 14.Bd2 Ne4 
15.Rac1 {It feels like a new game since we've 
played last year!}  Nxd2 {That's my impression too 
and it's difficult to get back my thoughts I had 
last year!}  16.Nxd2 {Yes! And I forgot all the 
analyses I did!}  Bg4 {Let's try our bests! Have a 
nice day! Chris}  17.e4 {Guten Morgen!}  Rfd8 
{wünsche ich auch!}  18.f3 Bh5 19.Qc3 Bg6 20.Nb3 
{Have you read Else Lasker-Schüler?}  Nd7 {No, i 
haven't!}  21.f4 {She was a Gedichterin married to 
E. Lasker's brother!!}  Bh5 {Thank you for this 
information! have a nice week!}  22.Nf2 Be2 
23.Rfe1 {Lasker-Schüler was also Benn's mistress. 
Benn is a great poet. (I've been reading German 
poetry...).}  Bb5 24.e5 Be7 25.Ng4 Nb6 26.Ne3 Qd7 
27.Qa5 Rca8 28.Red1 Ba4 29.Rc3 Qc8 30.Rd2 Bb5 {i 
wish you a nice weekend!}  31.Rc1 {Danke 
gleichfalls!}  Nd5 {Danke, hatte ich! Deutsch?}  
32.Nxd5 {Nein! I am French Canadian! I've learned 
German. I also had a nice weekend, with a German 
Friend!}  exd5 {Das ist schön! is your german 
friend an excellent chessplayer like you? have a 
nice week!}  33.Rf2 {I only learned to read. No, 
she does not play. You play well also. I had a 
tedious opening. Berlin?}  Bd3 {O yes, i agree, 
but a nice complicated game ending with a draw 
??!!}  34.Qc3 {Curiously, your move was'nt 
emailed. I'm happy with my game and there is 
drawing chances!}  Bf5 35.Nd2 {Wo wohnst du?}  Qe6 
{I'm living in Frankfurt/Main (big airport 
Rhein/Main, you know?). And where do you come 
from?}  36.Nf1 {I know. I am living in Montreal, 
but was born in a small city, Valleyfield.}  Be4 
{Is Montreal a interesting city? I hope to visit 
Canada in the next 5 years! have a wonderful 
weekend}  37.Ne3 {Yes it is. We have a nice 
botanische Garten. Many festivals during Summer 
time. And it's multiethnic}  Bxg2 {That's nice! 
Last year we have our holidays in the western part 
of USA (roundtrip) !}  38.f5 {Never been to 
western part of USA, only the eastern. Do you have 
any children?}  Qh6 {Yes, indeed, a son (16 years 
old)! And you?}  39.Nxg2 {Yes, a son (Antonin, 7) 
and a daughter (Marianne, 5).}  c5 {That's nice, I 
remember when my son was in the age of yours, but 
now he is a 'half man'! ;-))}  40.Nf4 b6 41.Qd2 
{What is your son name? We thought very long 
before chosing his name. Hans was our favorite.)}  
cxd4 {My son called Patrick, our favorite was 
Paddy (Irish Name, but a Irish Whiskey trade mark 
too ;-))}  42.Rc7 {I like whisky! Single malt!! 
Unfortunately, Hans is badly pronounced in 
French.}  Rde8 43.f6 Bd8 {in tg´he moment i have a 
lot of work! Sorry for waiting! have a nice day! 
Chris}  44.Rd7 {Don't be sorry. I got a new 
contract at the Botanical Garden. So, we both have 
a load of work I gues}  Rxe5 {thanks for your 
understanding and good luck for your new 
contract!}  45.fxg7 {Thanks! Have a nice weekend.} 
 Qxg7 {thanks, have a great weekend too!}  46.Nxd5 
Bg5 47.Nf4 Re4 {I don't believe that someone can 
win this game nice game! What do you think?}  
48.Qd3 {Yes, I agree. I thought I had an edge, but 
no. Then I thought you had one, but no!!} 
 1/2-1/2

[Event "HCL-C128"]
[Site "www.playchess.de"]
[Date "2001.04.11"]
[Round "3"]
[White "TRIPLE_H"]
[Black "Sirob11"]
[WhiteElo "199"]
[BlackElo "1000"]
[PlyCount "85"]
[Result "1/2-1/2"]

1.d4 d5 2.Nc3 Nf6 3.Bg5 e6 4.Nf3 Be7 5.g3 Nc6 
6.Bg2 b6 7.O-O Ba6 8.Ne5 Qd6 9.Nxc6 Qxc6 10.Qd2 
O-O 11.a3 Rad8 12.b4 Rfe8 13.Na2 Bc4 14.Qf4 Bxe2 
15.Rfc1 Rdb8 16.Bf3 Ba6 17.c3 Bc4 18.h4 Bd6 19.Qe3 
Be7 20.h5 Ne4 21.Bxe7 Rxe7 22.Kg2 h6 23.Bd1 Qd6 
24.Bc2 Qc6 25.Rce1 Bxa2 26.Rxa2 Nxc3 27.Rb2 Ree8 
28.Qd3 Ne4 29.b5 Qd7 30.f3 Ng5 31.f4 Ne4 32.a4 Qd6 
33.Qe3 Nf6 34.Bd3 Nxh5 35.Qf3 Nf6 36.Rc2 Qb4 
37.Ra1 Qxd4 38.Raa2 Rbc8 39.Rab2 Qxa4 40.Rba2 Qb4 
41.Rab2 Qd4 42.Rba2 e5 43.Bf5 1/2-1/2

[Event "HCL-C141"]
[Site "www.playchess.de"]
[Date "2001.04.11"]
[Round "7"]
[White "Coney"]
[Black "Jaco"]
[WhiteElo "984"]
[BlackElo "558"]
[PlyCount "87"]
[Result "1-0"]

1.d4 d5 2.c4 e6 3.Nc3 Nf6 4.Nf3 Nc6 5.cxd5 exd5 
6.Bg5 Bb4 7.Qc2 Qd6 8.a3 Bxc3+ 9.bxc3 h6 10.Bxf6 
gxf6 11.e4 Bg4 12.Nd2 dxe4 13.Nxe4 Qe6 14.f3 Bf5 
15.Bd3 O-O-O 16.O-O Rhg8 17.Ng3 Qe3+ 18.Rf2 Bxd3 
19.Qb3 Rg7 20.Nh5 Rg5 21.Nxf6 Rd6 22.Qxf7 Bg6 
23.Qf8+ Rd8 24.Qxh6 Rh8 25.Qxh8+ Nd8 {Oops}  
26.Ne4 Rb5 27.Qg8 Bxe4 28.fxe4 Rb2 29.Qg3 Re2 
30.Qxe3 Rxe3 31.e5 Rxc3 32.Rf8 Rd3 33.e6 Re3 34.d5 
Re5 35.a4 b6 36.a5 c6 37.axb6 axb6 38.Ra8+ Kb7 
39.Raxd8 cxd5 40.Rf7+ Kc6 41.e7 Re1+ 42.Kf2 Re4 
43.e8Q+ {%}  Rxe8 44.Rxe8 1-0

[Event "HCL-M008"]
[Site "www.playchess.de"]
[Date "2001.04.11"]
[Round "16"]
[White "Sombra"]
[Black "Bronislaw"]
[WhiteElo "2200"]
[BlackElo "2317"]
[PlyCount "48"]
[Result "0-1"]

1.e4 c5 2.Qh5 Nf6 3.Qf3 Nc6 4.c3 e5 5.Bc4 Be7 
6.Nh3 O-O 7.Be2 d5 8.exd5 Qxd5 9.d3 Qxf3 10.gxf3 
Bxh3 11.Bd2 Nd5 12.Na3 Bh4 13.O-O-O Bxf2 14.Bf1 
Be6 15.h4 Ne3 16.Bxe3 Bxe3+ 17.Kb1 f6 18.Nc4 Bf4 
19.Nd6 b6 20.Bh3 Bxh3 21.Rxh3 Rad8 22.Nf5 g6 
23.Ng3 c4 24.Kc2 f5 0-1

[Event "HCL-B148"]
[Site "www.playchess.de"]
[Date "2001.04.11"]
[Round "20"]
[White "Hawk"]
[Black "ignomonius"]
[WhiteElo "1200"]
[BlackElo "1500"]
[PlyCount "35"]
[Result "1-0"]

1.d4 {Hi}  e6 2.c4 f5 {Hi, sorry, I missed your 
salutation}  3.Nf3 {It's not bad! Are you good in 
Chess? I'm not very good. But I try to play good! 
I'm only 16.}  Nf6 {not too bad at chess, but I am 
a little over twice your age :o(}  4.Bg5 {Your age 
is the best for playing chess, because a player 
has the most experience in this age!}  Be7 5.e3 {I 
know, you are 39! Have you played at other 
chess-sites before? I see you are new here like 
me!}  c6 {I play at IYT and echess.com}  6.Bd3 {I 
play at gamecolony.com!}  d5 {I will have to have 
a look see at that one}  7.O-O {If you register 
you for free at gamecolony (chess), we could play 
a game LIVE!}  O-O {sounds good}  8.Nbd2 {If you 
want we could play on Friday at about 6 p.m. 
german time.My nickname is TheCheckmatemaker500.}  
Nbd7 {unfortunately, I can't make it that day, all 
sorts of reasons mostly pertaining to work!}  
9.cxd5 {OK. But if you have time you can say me... 
On Saturday maybe?}  cxd5 {If I get the time, 
things are a little busy right now.}  10.Rc1 {OK, 
I understand...}  b6 11.Bf4 Ng4 12.h3 g5 13.Bc7 
Qe8 14.hxg4 fxg4 15.Nh2 Nf6 16.Nxg4 Nh5 17.Qc2 Qf7 
18.Nh6+ 1-0

[Event "HCL-E020"]
[Site "www.playchess.de"]
[Date "2001.04.11"]
[Round "27"]
[White "Jacob"]
[Black "Toni"]
[WhiteElo "2041"]
[BlackElo "2000"]
[PlyCount "43"]
[Result "1-0"]

1.d4 {Hi from Esbjerg-DK}  Nf6 {hi  Athens 
speaking}  2.c4 e5 3.dxe5 Ng4 4.Bf4 Nc6 5.Nf3 Bb4+ 
6.Nbd2 Qe7 7.e3 Ngxe5 8.Nxe5 Nxe5 9.a3 Bxd2+ 
10.Qxd2 d6 11.Be2 O-O 12.O-O Bf5 13.Rad1 Rfe8 
14.b4 Qe6 15.Qd5 Qxd5 16.cxd5 a5 17.b5 Bc2 18.Rdc1 
Ba4 19.Rxc7 b6 20.Bxe5 Rxe5 21.Rb1 Rxd5 
22.Bf3 1-0

[Event "HCL-B161"]
[Site "www.playchess.de"]
[Date "2001.04.11"]
[Round "5"]
[White "pird"]
[Black "ixix"]
[WhiteElo "1498"]
[BlackElo "1855"]
[PlyCount "58"]
[Result "0-1"]

1.e4 c5 {Hello from New Jersey USA ... I'm glad to 
be playing with you!}  2.d4 {Hello from Ghent, 
Belgium!}  cxd4 3.c3 dxc3 {To accept or not to 
accept ... oh well, it'll probably be more 
exciting this way!}  4.Nxc3 e6 5.Nf3 a6 6.Bc4 d6 
7.O-O b5 8.Bb3 Ra7 9.Qe2 Rd7 10.Rd1 Nc6 11.Bf4 Be7 
12.Rac1 Bb7 13.Nxb5 axb5 14.Qxb5 Na7 15.Qb4 Bc6 
16.Rc2 d5 17.Qc3 dxe4 18.Rxd7 Bxd7 19.Ne5 Bf6 
20.Qc5 Bxe5 21.Bxe5 f6 22.Qxa7 fxe5 23.Rd2 Qc8 
24.Rd1 Nf6 25.Ba4 Ke7 26.b4 Rd8 27.b5 Qc4 28.a3 
Nd5 29.Rb1 Nc3 0-1

[Event "HCL-A071"]
[Site "www.playchess.de"]
[Date "2001.04.11"]
[Round "17"]
[White "stud"]
[Black "kherubim"]
[WhiteElo "1180"]
[BlackElo "1667"]
[PlyCount "34"]
[Result "0-1"]

1.e4 e5 {Hi!}  2.Nf3 {hey whats up today, its 
2-3-2001}  Nc6 {Well, it's 2-5-01 there, in Nancy 
(east part of France, near Strasbourg)}  3.Bc4 
{2-5-01:)  I'm in St. Louis, midwestern USA.  
Having nice weather this time of year there?}  Bc5 
{Not at all! We've a rainy and windy weather ...}  
4.d3 {2-5-01:)  Well, that's no good}  Nf6 5.Be3 
Bb6 6.Nbd2 d5 7.exd5 Nxd5 8.Bxd5 Qxd5 9.Qe2 O-O 
10.O-O Re8 11.c4 Qd8 12.a3 Nd4 13.Qd1 Bf5 14.Ne4 
Bg6 15.b4 Nxf3+ 16.gxf3 Bd4 17.Bxd4 
Qxd4 0-1

[Event "HCL-A071"]
[Site "www.playchess.de"]
[Date "2001.04.11"]
[Round "33"]
[White "Kaiko"]
[Black "Stema"]
[WhiteElo "1700"]
[BlackElo "1686"]
[PlyCount "92"]
[Result "1/2-1/2"]

1.d4 Nf6 2.c4 e6 3.Nc3 d5 4.Bg5 Be7 5.e3 O-O 6.Nf3 
h6 7.Bh4 b6 8.cxd5 Nxd5 9.Bxe7 Qxe7 10.Nxd5 exd5 
11.Rc1 Bf5 12.Bd3 Qb4+ 13.Qd2 Qxd2+ 14.Kxd2 Bxd3 
15.Kxd3 Na6 16.Ke2 c5 17.b3 Rac8 18.Rhd1 c4 
19.bxc4 Rxc4 20.Rxc4 dxc4 21.Ne5 Rc8 22.d5 Nb8 
23.Kd2 b5 24.d6 f6 25.Ng6 Kf7 26.Ne7 Rd8 27.Kc3 
Ke6 28.Nd5 Na6 29.Nf4+ Kd7 30.a4 bxa4 31.Kxc4 Rc8+ 
32.Kb5 Nc5 33.f3 a3 34.Kb4 Ne6 35.Nxe6 Kxe6 
36.Kxa3 Kd7 37.Kb3 Rb8+ 38.Kc4 Rb2 39.g4 Rc2+ 
40.Kd5 Rc6 41.Ra1 a6 42.h4 Rxd6+ 43.Ke4 g6 44.h5 
gxh5 45.gxh5 Ke6 46.Kf4 Rc6 1/2-1/2

[Event "HCL-E024"]
[Site "www.playchess.de"]
[Date "2001.04.11"]
[Round "1"]
[White "MarkusSSG"]
[Black "Aetos"]
[WhiteElo "2347"]
[BlackElo "2000"]
[PlyCount "43"]
[Result "1-0"]

1.d4 Nf6 2.Bf4 d5 3.Nf3 e6 4.e3 Bd6 5.Ne5 Nbd7 
6.Bd3 O-O 7.Qf3 c5 8.c3 Qb6 9.b3 cxd4 10.exd4 h6 
11.O-O Bxe5 12.dxe5 Ne8 13.Bc2 g5 14.Qd3 f5 
15.exf6 Nexf6 16.Qg6+ Kh8 17.Qxh6+ Kg8 18.Qg6+ Kh8 
19.Bxg5 e5 20.Bf5 Qd6 21.Re1 e4 
22.Re3 1-0

[Event "HCL-A074"]
[Site "www.playchess.de"]
[Date "2001.04.11"]
[Round "15"]
[White "mrchess"]
[Black "Slide"]
[WhiteElo "1591"]
[BlackElo "1615"]
[PlyCount "72"]
[Result "0-1"]

1.d4 {good luck}  d5 2.c4 dxc4 3.Nc3 c6 4.e3 b5 
5.a4 b4 6.Na2 a5 7.Bxc4 Bf5 8.Qf3 e6 9.b3 Nf6 
10.h3 Bd6 11.Qd1 Nbd7 12.Nf3 O-O 13.Bd3 Ne4 14.Qc2 
Ndf6 15.Nh4 Nxf2 16.Kxf2 Ne4+ 17.Bxe4 Qxh4+ 18.Kf1 
Bxe4 19.Qe2 Bd5 20.Rb1 e5 21.Qf2 Qe4 22.Rb2 Qd3+ 
23.Qe2 Qxe2+ 24.Kxe2 Bxg2 25.Rh2 Bd5 26.Rf2 f5 
27.Bd2 exd4 28.exd4 Bg3 29.Rf1 Rae8+ 30.Kd3 f4 
31.Nc1 f3 32.Be3 Be6 33.Bf2 Bc8 34.Rg1 Ba6+ 35.Kc2 
Bxf2 36.Rg5 Bxd4 0-1

[Event "HCL-A075"]
[Site "www.playchess.de"]
[Date "2001.04.11"]
[Round "1"]
[White "Sd_68"]
[Black "dynamitedan"]
[WhiteElo "1748"]
[BlackElo "2004"]
[PlyCount "46"]
[Result "0-1"]

1.e4 {Nice meeting you. Good luck in the 
Tournament}  c5 {Greetings from Perth Western 
Australia - good luck to you too}  2.c3 {I hope it 
is not too hot for Dyanmite in Perth this time of 
the year :-)}  Nf6 {Its always hot which makes 
your beer taste better - cheers}  3.e5 {Cheers 
mate}  Nd5 4.d4 cxd4 5.cxd4 d6 6.Nf3 Nc6 7.Bc4 Nb6 
8.Bb5 dxe5 9.Nxe5 Qd5 10.Bxc6+ bxc6 11.Qf3 c5 
12.Qxd5 Nxd5 13.dxc5 f6 14.Nf3 e5 15.c6 Nb4 16.Na3 
Ba6 17.Be3 O-O-O 18.Nd2 Nd3+ 19.Kd1 Nxb2+ 20.Kc2 
Bxa3 21.Kb3 Rd3+ 22.Kc2 Na4 23.Ne4 
f5 0-1

[Event "HCL-C183"]
[Site "www.playchess.de"]
[Date "2001.04.11"]
[Round "7"]
[White "TuffGong"]
[Black "sonnyspock"]
[WhiteElo "1479"]
[BlackElo "1139"]
[PlyCount "90"]
[Result "0-1"]

1.e4 e6 2.d4 d5 3.Nc3 Bb4 4.a3 Bxc3+ 5.bxc3 dxe4 
6.g3 Nf6 7.c4 c5 8.Bb2 cxd4 9.Bg2 Qa5+ 10.Qd2 
Qxd2+ 11.Kxd2 Nc6 12.f3 e3+ 13.Ke2 O-O 14.c3 e5 
15.f4 exf4 16.gxf4 Bg4+ 17.Nf3 Rfe8 18.cxd4 Rad8 
19.h3 Bxf3+ 20.Bxf3 Nxd4+ 21.Ke1 Nxf3+ 22.Ke2 Rd2+ 
23.Kxf3 Rxb2 24.Rag1 Rf2+ 25.Kg3 Ne4+ 26.Kg4 e2 
27.Rge1 Nc3 28.h4 Rd8 29.Rec1 Nd1 30.Kg5 Rf1 
31.Rh2 Rg1+ 32.Kh5 e1Q {%}  33.Rb1 g6+ 34.Kh6 Rh1 
35.Kg5 Qg3+ 36.Kf6 Rd6+ {.}  37.Ke7 Re6+ 38.Kd7 
Qd3+ 39.Kc7 Qxc4+ 40.Kxb7 Qc6+ 41.Kxa7 Qa6+ 42.Kb8 
Rxh2 43.Rb7 Re8+ 44.Kc7 Rc2+ 45.Kd7 
Qc6+ 0-1

[Event "HCL-B187"]
[Site "www.playchess.de"]
[Date "2001.04.11"]
[Round "10"]
[White "German04"]
[Black "Sixty4"]
[WhiteElo "1222"]
[BlackElo "1661"]
[PlyCount "44"]
[Result "0-1"]

1.e4 d5 2.e5 d4 {Hallo, willkommen in der 
B-Klasse!}  3.d3 {Danke Sehr, Ich wünsche Dir viel 
Spaß}  c5 {danke - gleichfalls!}  4.Nf3 {Wo wohnst 
du???}  Nc6 {Bei Hanau, und du?}  5.c3 {Tübingen}  
Bg4 {Student? - In Tübingen gibt's doch nur 
Studenten - oder? ;-)}  6.Be2 {Ja, in Tübingen 
gibt´s nur Studenten, was machst du von Beruf???}  
e6 {Software-Entwickler (studiert habe ich aber 
Physik). Was studierst du?}  7.O-O {Ich habe 
Medizin studiert (in Kolumbien), aber arbeite in 
der Forschung}  Nge7 {Klingt interessant - auf 
welchem Gebiet?}  8.cxd4 {Experimentelle 
Neuro-ophthalmologie}  cxd4 {Neuro-was?}  9.Qa4 
{Ophthalmologie}  Ng6 10.Qb5 Qd7 11.Nbd2 a6 12.Qa4 
Bxf3 13.Bxf3 Ngxe5 14.Be4 f5 15.Bxc6 Nxc6 16.Nc4 
b5 17.Qb3 bxc4 18.Qxc4 Bd6 19.Re1 Kf7 20.a4 Rhc8 
21.Bg5 Nb4 22.Qxd4 Bxh2+ 0-1

[Event "ACL-A101"]
[Site "www.playchess.de"]
[Date "2001.04.11"]
[Round "10"]
[White "Gandalf_9417"]
[Black "Gruhni"]
[WhiteElo "1901"]
[BlackElo "1433"]
[PlyCount "103"]
[Result "1/2-1/2"]

1.d4 e6 {Hello from Frankfurt in Germany!}  2.e3 
d5 3.Bd3 c5 4.dxc5 Bxc5 5.Nf3 Nc6 6.a3 Nf6 7.b4 
Bd6 8.Bb2 a6 9.Nbd2 e5 10.e4 d4 11.O-O Bg4 12.Rc1 
O-O 13.c3 dxc3 14.Rxc3 Rc8 15.h3 Bh5 16.g4 Bg6 
17.Nh4 Ne7 18.Rxc8 Qxc8 19.Qf3 Qd7 20.Nc4 Nc6 
21.Nxg6 hxg6 22.Nb6 Qc7 23.Qe3 Qe7 24.Nd5 Nxd5 
25.exd5 Nd8 26.Re1 f6 27.Bxg6 Nf7 28.Kg2 Nh8 
29.Bh7+ Kxh7 30.Qe4+ Kg8 31.f4 Qf7 32.f5 g6 33.Re2 
gxf5 34.gxf5 Qh5 35.Qf3 Qxf3+ 36.Kxf3 Kf7 37.h4 
Kg7 38.Bc1 Nf7 39.Rg2+ Kh7 40.Rg6 Be7 41.h5 Ng5+ 
42.Bxg5 fxg5 43.Ke4 Rg8 44.d6 Bd8 45.Kxe5 Rxg6 
46.fxg6+ Kg7 47.a4 b5 48.a5 Kh6 49.Ke6 Kg7 50.Kf5 
Kh6 51.Ke6 Kg7 52.Kf5 1/2-1/2

[Event "HCL-E029"]
[Site "www.playchess.de"]
[Date "2001.04.11"]
[Round "14"]
[White "flavoie"]
[Black "Ivanchico"]
[WhiteElo "2000"]
[BlackElo "2000"]
[PlyCount "44"]
[Result "0-1"]

1.d4 {salut mon ami, je te souhaite bonne 
partie...}  Nf6 {Sorry, I don't speak french but I 
will try to learn!Have a good game}  2.Nc3 c5 3.d5 
g6 4.e4 d6 5.Nf3 Bg7 6.Bd3 O-O 7.O-O a6 8.Bg5 b5 
9.a3 Nbd7 10.Re1 c4 11.Bf1 Qc7 12.Qd2 Rb8 13.Bf4 
Ng4 14.Nd4 Nge5 15.b4 cxb3 16.cxb3 b4 17.Na4 bxa3 
18.Rxa3 Qb7 19.Rc1 Qb4 20.Qxb4 Rxb4 21.Nc6 Nxc6 
22.dxc6 Ne5 0-1

[Event "HCL-A088"]
[Site "www.playchess.de"]
[Date "2001.04.11"]
[Round "4"]
[White "Rparkes"]
[Black "Kaotic"]
[WhiteElo "1700"]
[BlackElo "1600"]
[PlyCount "49"]
[Result "1-0"]

1.d4 d5 {Hello.}  2.c4 c6 3.Nc3 Nf6 4.Nf3 {Hola}  
dxc4 {How good are you?}  5.a4 e6 6.e3 c5 7.Bxc4 
Nc6 8.O-O cxd4 9.exd4 Bb4 10.Bg5 {Fine, You?}  
Bxc3 {I'm alright.}  11.bxc3 a6 12.Re1 O-O 13.Qe2 
Re8 14.Rad1 h6 15.Bh4 Qc7 16.Bg3 Qe7 17.Ne5 Nxe5 
18.Bxe5 Bd7 19.Bd3 Bxa4 20.Rdb1 b5 {are you sure 
that you don't want a draw?}  21.Qf3 Rac8 {You 
asked for it...}  22.h3 Rxc3 23.Bh7+ Nxh7 24.Qxc3 
f6 25.Bf4 1-0

[Event "HCL-C197"]
[Site "www.playchess.de"]
[Date "2001.04.11"]
[Round "4"]
[White "WindsorStar"]
[Black "tiberiuskirk"]
[WhiteElo "918"]
[BlackElo "1108"]
[PlyCount "76"]
[Result "0-1"]

1.d4 e6 2.Nf3 Nf6 3.Nc3 d5 4.e3 c5 5.dxc5 Bxc5 
6.Ne5 Nbd7 7.Bb5 O-O 8.O-O Nxe5 9.h3 Bd7 10.Bxd7 
Qxd7 11.f4 Ng6 12.a3 d4 13.exd4 Bxd4+ 14.Kh1 Bxc3 
15.bxc3 Qxd1 16.Rxd1 Rac8 17.Rb1 b6 18.Be3 Rxc3 
19.Bd4 Rxc2 20.Bxf6 gxf6 21.g3 Rfc8 22.Rd7 R8c7 
23.Rbd1 a5 24.h4 Rxd7 25.Rxd7 Rb2 26.h5 Nf8 27.Rd6 
Kg7 28.Rd8 h6 29.Kg1 e5 30.fxe5 fxe5 31.Re8 Ne6 
32.Kf1 e4 33.Rc8 e3 34.Ke1 Nd4 35.Rc1 Nf3+ 36.Kf1 
e2+ 37.Kf2 e1Q+ {%}  38.Kxf3 Qxc1 0-1

[Event "HCL-B199"]
[Site "www.playchess.de"]
[Date "2001.04.11"]
[Round "11"]
[White "sarx"]
[Black "alecs"]
[WhiteElo "1500"]
[BlackElo "1200"]
[PlyCount "30"]
[Result "0-1"]

1.e4 e6 2.d4 Qe7 3.Nf3 d5 4.e5 f6 5.Be2 f5 6.Bg5 
Qf7 7.O-O h6 8.Bd2 g5 9.c4 g4 10.Nh4 Be7 11.g3 
Bxh4 12.gxh4 f4 13.Kh1 g3 14.fxg3 Qf5 15.Rxf4 
Qh7 0-1

[Event "HCL-B199"]
[Site "www.playchess.de"]
[Date "2001.04.11"]
[Round "13"]
[White "PrinceX"]
[Black "alecs"]
[WhiteElo "1500"]
[BlackElo "1200"]
[PlyCount "20"]
[Result "0-1"]

1.e4 d6 2.d4 e5 3.dxe5 c5 4.exd6 Bxd6 5.Nc3 Nf6 
6.f4 O-O 7.e5 Re8 8.Be2 Bxe5 9.Qxd8 Rxd8 10.fxe5 
Ne8 0-1

[Event "HCL-B199"]
[Site "www.playchess.de"]
[Date "2001.04.11"]
[Round "20"]
[White "Winnielee"]
[Black "stackOflow"]
[WhiteElo "1200"]
[BlackElo "1200"]
[PlyCount "27"]
[Result "1-0"]

1.e4 e5 2.Nf3 Nc6 3.Bc4 Nf6 4.Ng5 d5 5.exd5 Nxd5 
6.Nxf7 Kxf7 7.Qf3+ Qf6 8.Bxd5+ Ke8 9.O-O Bf5 
10.Bxc6+ bxc6 11.d3 h6 12.Nc3 Bd6 13.Qxc6+ Kf7 
14.Nd5 1-0

[Event "HCL-B203"]
[Site "www.playchess.de"]
[Date "2001.04.11"]
[Round "2"]
[White "deadeasy"]
[Black "bjw29"]
[WhiteElo "1872"]
[BlackElo "1500"]
[PlyCount "61"]
[Result "1-0"]

1.d4 {hello from london}  Nf6 2.Nc3 g6 3.e4 d6 
4.Bc4 Bg7 5.Qe2 O-O 6.e5 dxe5 7.dxe5 Ng4 8.f4 Kh8 
9.Bd2 Qd4 10.Nf3 Qd8 11.O-O-O Bf5 12.h3 Nh6 13.g4 
Bd7 14.Be3 {Bd7!!! i found some nice tricks after 
Be6??  :-)}  Qc8 15.Bc5 Nc6 16.Rd2 Ng8 17.Ng5 Qe8 
18.Rhd1 Be6 19.Bxe6 fxe6 20.Nxe6 Rf7 21.Nxc7 Qc8 
22.Nxa8 Rxf4 23.Nd5 Rf8 24.Nac7 Bxe5 25.Kb1 Bxc7 
26.Nxe7 {did you enjoy your holiday?}  Ngxe7 
27.Bxe7 Re8 28.Bf6+ Kg8 29.Qc4+ Qe6 30.Qxe6+ Rxe6 
31.R2d7 1-0

[Event "HCL-B202"]
[Site "www.playchess.de"]
[Date "2001.04.11"]
[Round "14"]
[White "class58"]
[Black "Karl"]
[WhiteElo "1805"]
[BlackElo "1108"]
[PlyCount "33"]
[Result "1-0"]

1.e4 d5 2.e5 Nc6 3.d4 f6 4.f4 Nh6 5.Bb5 Bd7 6.Nc3 
Nf5 7.Nf3 e6 8.g4 Nfe7 9.Qe2 Ng6 10.exf6 gxf6 
11.f5 Nge7 12.fxe6 Bc8 13.Bxc6+ Nxc6 14.g5 fxg5 
15.Nxg5 Be7 16.Qh5+ Kf8 17.Qf7+ 1-0

[Event "HCL-C203"]
[Site "www.playchess.de"]
[Date "2001.04.11"]
[Round "20"]
[White "Martinio"]
[Black "yaroslav"]
[WhiteElo "1331"]
[BlackElo "1136"]
[PlyCount "55"]
[Result "1-0"]

1.d4 Nc6 2.Nf3 f5 3.d5 Nb4 4.a3 Na6 5.Nc3 d6 6.e4 
Nf6 7.e5 dxe5 8.Nxe5 c6 9.Bf4 cxd5 10.Bb5+ Bd7 
11.Nxd7 Nxd7 12.Qxd5 Nc7 13.Qxd7+ Qxd7 14.Bxc7 a6 
15.Bxd7+ Kxd7 16.Bf4 Rc8 17.O-O-O+ Ke6 18.Rhe1+ 
Kf6 19.Rd7 g5 20.Be5+ Ke6 21.Rxb7 Kf7 22.Bxh8 Bh6 
23.Rexe7+ Kg8 24.Bg7 Bxg7 25.Rexg7+ Kh8 26.Rgxh7+ 
Kg8 27.Nd5 Re8 28.Nf6+ 1-0

[Event "CCL-E013"]
[Site "www.playchess.de"]
[Date "2001.04.11"]
[Round "12"]
[White "ralph"]
[Black "Chessy"]
[WhiteElo "2000"]
[BlackElo "2000"]
[PlyCount "70"]
[Result "0-1"]

1.d4 {hallo, gute partie :)}  Nf6 {Hallo, 
ebenfalls! Mit welchem Programm spielst du? Bei 
mir ist es Shredder 5.}  2.c4 {ich spiele mit 
Fritz 6.}  e6 3.Nc3 Bb4 4.Nf3 Bxc3+ 5.bxc3 b6 
6.Bg5 Bb7 7.e3 h6 8.Bh4 d6 9.Bd3 Nbd7 10.O-O Qe7 
11.Nd2 g5 12.Bg3 h5 13.f4 h4 14.Bf2 gxf4 15.exf4 
O-O-O 16.Qe2 Rdg8 17.Nf3 Rg4 18.h3 Rgg8 19.Rab1 
Nh5 20.Bxh4 Bxf3 21.Bxe7 Bxe2 22.Bxe2 Ng3 23.Rfe1 
Nxe2+ 24.Rxe2 Rge8 25.Bg5 f6 26.f5 fxg5 27.fxe6 
Nf8 28.d5 Rh4 29.c5 dxc5 30.Rf1 Ng6 {Shredders 
Bewertung steht bei +2,4. Ich möchte sehen wie es 
weitergeht.}  31.Rf5 g4 32.Rg5 Nf4 33.Ree5 c6 
34.g3 Nxh3+ 35.Kg2 {Fritz meint allerdings nur 
-0.97.}  Nxg5 {Inzwischen sind es +5,16.} 
 0-1

[Event "HCL-C218"]
[Site "www.playchess.de"]
[Date "2001.04.11"]
[Round "16"]
[White "surak"]
[Black "bobrun"]
[WhiteElo "1180"]
[BlackElo "1000"]
[PlyCount "26"]
[Result "0-1"]

1.e4 Nf6 2.e5 Nd5 3.d4 d6 4.Nf3 f6 5.Bc4 Nb6 6.Bb3 
d5 7.O-O Nc6 8.Re1 e6 9.c3 fxe5 10.Nxe5 Ne7 11.Bg5 
Nd7 12.Qf3 Nxe5 13.dxe5 Qd7 0-1

[Event "HCL-A084"]
[Site "www.playchess.de"]
[Date "2001.04.11"]
[Round "14"]
[White "DaRkFoRcE"]
[Black "Kool_Chess"]
[WhiteElo "1700"]
[BlackElo "1900"]
[PlyCount "21"]
[Result "1-0"]

1.e4 c5 2.Nf3 d6 3.d4 cxd4 4.Nxd4 Nf6 5.Nc3 a6 
{Hey !}  6.Be3 e6 7.Be2 b5 8.f3 Bb7 9.Qd2 {Hey, 
you! :)}  Nbd7 10.g4 b4 11.Nd1 1-0

[Event "HCL-B225"]
[Site "www.playchess.de"]
[Date "2001.04.11"]
[Round "9"]
[White "Birdmove"]
[Black "Mother_Teresa"]
[WhiteElo "1500"]
[BlackElo "1197"]
[PlyCount "95"]
[Result "1/2-1/2"]

1.e4 e5 2.Nc3 Nf6 3.f4 d6 4.Nf3 Nc6 5.d4 exd4 
6.Nxd4 Bd7 7.Be2 a6 8.O-O Nxd4 9.Qxd4 c5 10.Qd1 
Be7 11.Bf3 O-O 12.e5 dxe5 13.fxe5 Ne8 14.Bxb7 Ra7 
15.Be4 Bb5 16.Nxb5 axb5 17.Qe2 c4 18.Be3 Ra6 
19.Bxh7+ Kxh7 20.Qh5+ Kg8 21.Rf3 g6 22.Qh6 Ng7 
23.Rh3 f5 24.c3 Qa8 25.Bd4 Kf7 26.Qh7 Re6 27.Rh6 
Qa4 28.h4 Qc2 29.Rf1 Ra8 30.Rxg6 Rxg6 31.e6+ Kxe6 
32.Qxg6+ Kd7 33.Qxg7 Qe2 34.Qe5 Qxe5 35.Bxe5 Ke6 
36.Bg3 Rxa2 37.Re1+ Kf6 38.Re2 Ba3 39.Be5+ Kg6 
40.Kf1 Rxb2 41.Rxb2 Bxb2 42.Ke2 b4 43.g3 Kh5 
44.Kd2 Kg4 45.Kc2 Bxc3 46.Bxc3 bxc3 47.Kxc3 f4 
48.gxf4 1/2-1/2